[Event "Titled Tuesday intern op 13th Feb Late"]
[Site "Chess.com INT"]
[Date "2024.02.13"]
[Round "6"]
[White "Powell, Paul J"]
[Black "Serra Canals, Oriol"]
[Result "1-0"]
[WhiteElo "2270"]
[BlackElo "2155"]
[PlyCount "91"]
[EventDate "2024.02.13"]
[EventType "swiss (blitz)"]
[EventRounds "11"]
[EventCountry "USA"]
[SourceTitle "CB08_2024"]
[SourceDate "2024.02.21"]
[SourceVersion "1"]
[SourceVersionDate "2024.02.21"]
[SourceQuality "1"]

1. d4 e6 2. Nf3 d5 3. Bf4 Nf6 4. e3 Bd6 5. Bg3 b6 6. Nbd2 Bb7 7. Bd3 c5 8. Bb5+ Nc6 9. Ne5 Rc8 10. c3 0-0 11. Nxc6 Bxc6 12. Ba6 Rb8 13. Bd3 Ne4 14. Qh5 f5 15. Bxd6 Qxd6 16. Nf3 cxd4 17. exd4 Be8 18. Qh3 h6 19. Bxe4 fxe4 20. Ne5 Bb5 21. a4 Ba6 22. b4 Bd3 23. Nxd3 exd3 24. Qxd3 e5 25. 0-0 e4 26. Qe3 Rf5 27. f3 Rh5 28. h3 Re8 29. fxe4 Rxe4 30. Qf3 Rg5 31. Rae1 Qe6 32. Rxe4 dxe4 33. Qe3 Kh7 34. Rd1 Qd5 35. Rc1 Rg6 36. c4 Qd6 37. c5 bxc5 38. dxc5 Qc6 39. b5 Qc7 40. c6 Rg3 41. Qxe4+ Kh8 42. Rc2 Qb6+ 43. Kh2 Qc7 44. Kh1 Ra3 45. Rc1 Rg3 46. Rf1 1-0

[Event "Titled Tuesday intern op 08th Aug Late"]
[Site "Chess.com INT"]
[Date "2023.08.08"]
[Round "4"]
[White "Castella Garcia, Fausto"]
[Black "Powell, Paul J"]
[Result "1-0"]
[WhiteElo "2328"]
[BlackElo "2270"]
[PlyCount "43"]
[EventDate "2023.08.08"]
[EventType "swiss (blitz)"]
[EventRounds "11"]
[EventCountry "USA"]
[SourceTitle "EXT 2024"]
[Source "ChessBase"]
[SourceDate "2023.10.10"]
[SourceVersion "1"]
[SourceVersionDate "2023.10.10"]
[SourceQuality "1"]

1. e4 c5 2. Nf3 d6 3. d4 cxd4 4. Nxd4 Nf6 5. Nc3 g6 6. f4 Nc6 7. Bb5 Bd7 8. Bxc6 bxc6 9. e5 dxe5 10. fxe5 Ng4 11. e6 fxe6 12. Qxg4 e5 13. Qh4 exd4 14. Qxd4 Rg8 15. Be3 Bg7 16. Qc4 e6 17. 0-0-0 Qc7 18. Rxd7 Kxd7 19. Rd1+ Kc8 20. Qxe6+ Kb8 21. Qxg8+ Kb7 22. Qb3+ 1-0

[Event "Titled Tuesday intern op 08th Aug Late"]
[Site "Chess.com INT"]
[Date "2023.08.08"]
[Round "10"]
[White "Powell, Paul J"]
[Black "Vargas, Mauricio"]
[Result "1-0"]
[WhiteElo "2270"]
[BlackElo "2035"]
[PlyCount "61"]
[EventDate "2023.08.08"]
[EventType "swiss (blitz)"]
[EventRounds "11"]
[EventCountry "USA"]
[SourceTitle "EXT 2024"]
[Source "ChessBase"]
[SourceDate "2023.10.10"]
[SourceVersion "1"]
[SourceVersionDate "2023.10.10"]
[SourceQuality "1"]

1. d4 d5 2. Nf3 Bg4 3. Ne5 Bh5 4. Bf4 f6 5. Nf3 Bf7 6. e3 g5 7. Bg3 h5 8. h3 c6 9. c3 Nd7 10. Be2 Bg7 11. Nbd2 Nh6 12. Bd3 Qb6 13. Qb3 e6 14. Rc1 0-0 15. Qc2 Kh8 16. 0-0 e5 17. e4 g4 18. hxg4 hxg4 19. Nh4 Rac8 20. exd5 Bxd5 21. Ng6+ Kg8 22. Ne7+ Kh8 23. Nxc8 Rxc8 24. dxe5 Nxe5 25. Bf5 Rf8 26. Be4 f5 27. Bxd5 cxd5 28. Bf4 Ng6 29. Bg5 f4 30. Nb3 g3 31. Nd4 1-0

[Event "Titled Tuesday intern op 27th Jun Late"]
[Site "Chess.com INT"]
[Date "2023.06.27"]
[Round "6"]
[White "Vasquez Garrido, Nuremberg Adin"]
[Black "Powell, Paul J"]
[Result "1-0"]
[WhiteElo "1976"]
[BlackElo "2270"]
[PlyCount "59"]
[EventDate "2023.06.27"]
[EventType "swiss (blitz)"]
[EventRounds "11"]
[EventCountry "USA"]
[SourceTitle "EXT 2024"]
[Source "ChessBase"]
[SourceDate "2023.10.10"]
[SourceVersion "1"]
[SourceVersionDate "2023.10.10"]
[SourceQuality "1"]

1. d4 Nf6 2. Nf3 d5 3. e3 e6 4. Bd3 Be7 5. Ne5 Nbd7 6. f4 c5 7. c3 0-0 8. Nd2 Re8 9. Qf3 b6 10. 0-0 Bb7 11. g4 Nf8 12. h4 N6d7 13. g5 f6 14. Ng4 fxg5 15. fxg5 Bxg5 16. hxg5 Qxg5 17. Qf4 Qxf4 18. exf4 Kf7 19. Nf3 Ke7 20. Bd2 Nf6 21. Nxf6 gxf6 22. Rae1 Kd6 23. f5 Nd7 24. Bf4+ Kc6 25. fxe6 Rg8+ 26. Kf2 Nf8 27. a4 a6 28. e7 Ng6 29. Re6+ Kd7 30. Rxf6 1-0

[Event "Titled Tuesday intern op 20th Jun Late"]
[Site "Chess.com INT"]
[Date "2023.06.20"]
[Round "6"]
[White "Prieto Aranguren, Alain"]
[Black "Powell, Paul J"]
[Result "1-0"]
[WhiteElo "2258"]
[BlackElo "2270"]
[PlyCount "119"]
[EventDate "2023.06.20"]
[EventType "swiss (blitz)"]
[EventRounds "11"]
[EventCountry "USA"]
[SourceTitle "EXT 2024"]
[Source "ChessBase"]
[SourceDate "2023.10.10"]
[SourceVersion "1"]
[SourceVersionDate "2023.10.10"]
[SourceQuality "1"]

1. e4 c5 2. Nf3 d6 3. Bb5+ Bd7 4. Bxd7+ Nxd7 5. 0-0 g6 6. c3 Ngf6 7. Re1 Bg7 8. d4 cxd4 9. cxd4 0-0 10. Nc3 Rc8 11. e5 dxe5 12. dxe5 Ng4 13. e6 Nde5 14. exf7+ Rxf7 15. Qxd8+ Rxd8 16. Nxe5 Nxe5 17. Be3 Nc4 18. Rad1 Rxd1 19. Rxd1 Nxb2 20. Rd8+ Rf8 21. Rxf8+ Kxf8 22. Nd5 a6 23. Nf4 Kf7 24. h4 Nc4 25. Bc5 e5 26. Nd5 Ke6 27. Nc3 Bh6 28. h5 Bc1 29. Kf1 b5 30. Ke2 Bb2 31. Kd3 Bxc3 32. Kxc3 Kd5 33. Kb4 Kc6 34. Bf8 Nd2 35. Ka5 Kb7 36. f3 Nc4+ 37. Kb4 Ne3 38. g4 Kc6 39. Kc3 Kd5 40. Kd3 Nc4 41. hxg6 hxg6 42. Be7 Na5 43. Bf8 Nc6 44. Ke3 Nd4 45. Be7 Ne6 46. Kd3 Nf4+ 47. Ke3 Ne6 48. Kd3 Nc7 49. Ke3 Na8 50. Bf8 Nb6 51. Kd3 Nc4 52. Be7 a5 53. Bf8 b4 54. Be7 Nb6 55. Ke3 Na4 56. Kd3 Nc3 57. a3 Nb5 58. axb4 a4 59. Kc2 Kc4 60. Bf6 1-0

[Event "Titled Tuesday intern op 13th Jun Late"]
[Site "Chess.com INT"]
[Date "2023.06.13"]
[Round "7"]
[White "Novikova, Margarita"]
[Black "Powell, Paul J"]
[Result "0-1"]
[WhiteElo "1985"]
[BlackElo "2270"]
[PlyCount "52"]
[EventDate "2023.06.13"]
[EventType "swiss (blitz)"]
[EventRounds "11"]
[EventCountry "USA"]
[SourceTitle "EXT 2024"]
[Source "ChessBase"]
[SourceDate "2023.10.10"]
[SourceVersion "1"]
[SourceVersionDate "2023.10.10"]
[SourceQuality "1"]

1. e4 c5 2. Nc3 d6 3. d3 g6 4. Be3 Bg7 5. Qd2 Nc6 6. g3 e6 7. Bg2 Nd4 8. Nd1 Bd7 9. c3 Nc6 10. Ne2 Rb8 11. h4 h5 12. d4 cxd4 13. cxd4 b5 14. 0-0 Nf6 15. f3 Na5 16. b3 Rc8 17. Nb2 0-0 18. Rac1 Nc6 19. d5 exd5 20. exd5 Ne5 21. Bxa7 Rxc1 22. Rxc1 Qa8 23. Bd4 Qxd5 24. f4 Nf3+ 25. Bxf3 Qxf3 26. Bf2 Bh3 0-1

[Event "Titled Tuesday intern op 13th Jun Late"]
[Site "Chess.com INT"]
[Date "2023.06.13"]
[Round "10"]
[White "Powell, Paul J"]
[Black "Garmendia Vega, Gabriel"]
[Result "0-1"]
[WhiteElo "2270"]
[BlackElo "2013"]
[PlyCount "78"]
[EventDate "2023.06.13"]
[EventType "swiss (blitz)"]
[EventRounds "11"]
[EventCountry "USA"]
[SourceTitle "EXT 2024"]
[Source "ChessBase"]
[SourceDate "2023.10.10"]
[SourceVersion "1"]
[SourceVersionDate "2023.10.10"]
[SourceQuality "1"]

1. d4 Nf6 2. Nf3 d6 3. Bf4 g6 4. e3 Bg7 5. Be2 Nh5 6. Bg5 h6 7. Bh4 g5 8. Nfd2 Nf6 9. Bg3 Nc6 10. c4 e5 11. d5 Ne7 12. Nc3 h5 13. h3 h4 14. Bh2 Ng6 15. Qc2 Bd7 16. Nde4 Nxe4 17. Nxe4 f5 18. Nc3 e4 19. Rc1 0-0 20. 0-0 Be5 21. b4 Qf6 22. c5 Kh8 23. Bh5 Rg8 24. Ne2 Bxh2+ 25. Kxh2 Ne5 26. Nd4 Nd3 27. Be2 Nxc1 28. Rxc1 Qe5+ 29. Kh1 Rac8 30. Bc4 f4 31. Qe2 g4 32. Rf1 f3 33. Qc2 fxg2+ 34. Kxg2 gxh3+ 35. Kh1 Qg5 36. Qxe4 Qg2+ 37. Qxg2 hxg2+ 38. Kg1 gxf1Q+ 39. Kxf1 h3 0-1

[Event "Titled Tuesday intern op 30th Aug Late"]
[Site "Chess.com INT"]
[Date "2022.08.30"]
[Round "11"]
[White "Powell, Paul J"]
[Black "Einarsson, Halldor Gretar"]
[Result "0-1"]
[WhiteElo "2270"]
[BlackElo "2226"]
[PlyCount "74"]
[EventDate "2022.08.30"]
[EventType "swiss (blitz)"]
[EventRounds "11"]
[EventCountry "USA"]
[SourceTitle "EXT 2023"]
[Source "ChessBase"]
[SourceDate "2022.10.05"]
[SourceVersion "1"]
[SourceVersionDate "2022.10.05"]
[SourceQuality "1"]

1. d4 Nf6 2. Nf3 g6 3. Be3 Bg7 4. c4 0-0 5. h3 d5 6. Qb3 dxc4 7. Qxc4 a6 8. Nc3 b5 9. Qb3 Be6 10. Qc2 Nd5 11. Bd2 Nb4 12. Qd1 Bxd4 13. Nxd4 Qxd4 14. e3 Nd3+ 15. Bxd3 Qxd3 16. Qe2 Rd8 17. Rd1 Qc2 18. Bc1 Qxe2+ 19. Kxe2 Nc6 20. Rxd8+ Rxd8 21. Rd1 Rxd1 22. Kxd1 b4 23. Na4 Bxa2 24. Nc5 Bc4 25. g3 e5 26. f4 exf4 27. gxf4 f5 28. Ke1 Kf7 29. Kf2 a5 30. e4 fxe4 31. Nxe4 Ke6 32. Ng5+ Kf5 33. Nxh7 Nd4 34. Be3 Nb3 35. Nf8 a4 36. Nd7 a3 37. bxa3 bxa3 0-1